| 000 | 01343aam a2200325 i 4500 | ||
|---|---|---|---|
| 001 | 768714001 | ||
| 003 | CO-MdFUSB | ||
| 005 | 20211102164244.0 | ||
| 007 | ta | ||
| 008 | 211102t1990 ck |||| |||| 00| 0 spa d | ||
| 020 | _a9586001032 | ||
| 040 |
_bspa. _aCO-MdFUSB _cCO-MdFUSB _dCO-MdFUSBC _erda |
||
| 041 | _aspa | ||
| 082 | 0 | 4 |
_a301.153 _223 _bM539s |
| 100 | 1 |
_aMendoza, Manuel G. _eautor |
|
| 245 | 1 | 0 |
_aSociedad y cultura contemporánea _c/ Manuel G. Mendoza, Vince Napoli ; traducido por Rodrigo Alzate |
| 264 | 1 |
_aBogotá, Colombia : _bMcGraw Hill, _c[1990] |
|
| 264 | 4 | _c© 1990 | |
| 300 |
_a227 Páginas _c; 28 cm |
||
| 336 |
_atexto _btxt _2rdacontent |
||
| 337 |
_2rdamedia _asin mediación _bn |
||
| 338 |
_2rdacarrier _avolumen _bnc |
||
| 505 | _aLa naturaleza de las ciencias sociales. -- El enfoque de los sistemas funcionales. -- El concepto de cultura. -- Lenguaje, creencias y valores. -- El proceso de socialización. -- Sistemas de la personalidad. -- El sistema social general. -- El sistema familiar. -- Economía: sistema, funciones y proceso. -- Política: sistema y funciones. -- Tipos de sistemas políticos. | ||
| 563 | _aRústico | ||
| 650 | 0 |
_95 _aSociología de la cultura |
|
| 700 |
_95573 _aNapoli, Vince. _eautor |
||
| 700 |
_95852 _aAlzate, Rodrigo, _etraductor |
||
| 942 | _cBK | ||
| 945 | _aJTF-925 | ||
| 999 |
_c39322 _d39322 |
||